000 01315njm a22003017a 4500
005 20100916101744.0
007 sd ammalaaahaa
008 100904t xxu||||| |||| 00| 0 hin d
028 _aLH. 22
_bHindustan Records
028 _a7TJE. 195
_bHindustan Records
028 _a7TJE. 196
_bHindustan Records
035 _aGR-02786
040 _aSED/VEN
100 _aSaigal, K.L.
_91184
245 _aShahjehan; Part-1:
_bHindustani /
_cby K.L. Saigal; Music Dtn.by Naushad; Lyric by Khumar & Majrooh
_h[Sound Recording] :
246 _aशाहजहाँ (के.एल. सहगल)
260 _aDum Dum, India :
_bHindustan Records
300 _a1 sound disc [Gramophone Recording] :
_banalog, 33 1/3 rpm ;
_c7 in. [SP]
_fGramophone Records
500 _aBrief Records
500 _aRecord Labels: Hindustan Records,Cream
505 _aSong Side-1; ऐ दिले बेकरार (शाहजहाँ) (के.एल ,सहगल), Song Side-2;,गम दिये मुस्तकिल (के.एल. सहगल) Part 2
600 _aSehgal. K.L.
_920259
650 _aClassical Music
_xExcerpts
_zIndia
_918309
700 _918319
700 _918320
942 _2ddc
_cGR
999 _c46061
_d46061